All Countries Never To Qualify For A Continental Championship - Statistics

General Stats
  • This quiz has been taken 49 times
    19 since last reset
  • The average score is 41 of 61
Answer Stats
Hint Answer % Correct
UEFA San Marino
100%
UEFA Andorra
93%
UEFA Cyprus
93%
UEFA Estonia
93%
UEFA Liechtenstein
93%
UEFA Lithuania
93%
UEFA Belarus
87%
UEFA Faroe Islands
87%
UEFA Gibraltar
87%
UEFA Kosovo
87%
UEFA Luxembourg
87%
UEFA Malta
87%
UEFA Montenegro
87%
AFC Sri Lanka
87%
UEFA Armenia
80%
UEFA Azerbaijan
80%
CONCACAF Barbados
80%
AFC Maldives
80%
AFC Pakistan
80%
AFC Afghanistan
73%
CONCACAF Antigua and Barbuda
73%
AFC Bhutan
73%
AFC Brunei
73%
CAF Djibouti
73%
CONCACAF Dominica
73%
CONCACAF Dominican Republic
73%
AFC Laos
73%
CAF Lesotho
73%
UEFA Moldova
73%
AFC East Timor
67%
CAF Eritrea
67%
CAF Eswatini
67%
UEFA Kazakhstan
67%
CONCACAF Saint Lucia
67%
CAF São Tomé and Príncipe
67%
CAF Seychelles
67%
AFC Macau
60%
AFC Mongolia
60%
CAF Somalia
60%
CAF South Sudan
60%
OFC Tonga
60%
OFC American Samoa
53%
CONCACAF Anguilla
53%
CONCACAF Aruba
53%
CONCACAF British Virgin Islands
53%
AFC Nepal
53%
CONCACAF Puerto Rico
53%
CONCACAF Turks and Caicos Islands
53%
OFC Tuvalu
53%
CONCACAF US Virgin Islands
53%
UEFA Bosnia and Herzegovina
47%
CAF Central African Republic
47%
CAF Chad
47%
AFC Guam
47%
OFC Kiribati
47%
CONCACAF Montserrat
47%
CONCACAF Cayman Islands
40%
CONCACAF Bonaire
33%
AFC Northern Mariana Islands
33%
CONCACAF Saint Martin
33%
CONCACAF Sint Maarten
27%
No matching quizzes found
Score Distribution
Percent of People with Each Score
Percentile by Number Answered
Your Score History
You have not taken this quiz since the last reset